• 首页
  • 本馆介绍
  • 公告通知
  • 最新文献
  • 馆藏检索
  • 电子资源
  • 读者导购
  • 参考咨询
  • 我的图书馆
  • 登录
  • 详细信息显示
  • 放入我的书架
  • 预约/预借图书
  • 作者相关作品
  • 分类相关作品
  • 丛书相关作品
  • 出版社相关作品

书目信息

  • 表格格式
  • 工作单格式
  • 卡片格式
题名:
集成运算放大器及其应用
    
 
作者: 孔有林 编著
分册:  
出版信息: 北京   人民邮电出版社  1980
页数: 613页
开本: 21cm
丛书名:
单 册:
中图分类: TN722.7
科图分类:
主题词: 运算放大器--应用
电子资源:
ISBN:
000 00674nam0 2200241 45
001 0180006203
005 20040518093859.1
010    @dCNY1.85
091    @a15045.2343-687
100    @a19950413d1980 em y0chiy0121 ea
101 0  @achi
102    @aCN@b110000
105    @ay z 000yy
106    @ar
200 10 @a集成运算放大器及其应用@Aji cheng yun suan fang da qi ji qi ying yong@f孔有林,黄昌宁编著
210    @a北京@c人民邮电出版社@d1980
215    @a613页@d21cm
606    @a运算放大器@x应用
690    @aTN722.7@v3 
701  0 @a孔有林@Akong you lin@4编著
801  0 @aCN@b上海图书馆@c20040518
801  2 @aCN@bNLC@c20040518
905    @f1@b34626@dTN722.7@e28
    
    集成运算放大器及其应用/孔有林,黄昌宁编著.-北京:人民邮电出版社,1980
    613页;21cm
    
    
    ISBN :CNY1.85
    
●
相关链接 在E读中查询图书 在五车中查询图书 在当当中查询图书 在豆瓣中查询图书


正题名:集成运算放大器及其应用     索取号:TN722.7/28         预约/预借

序号 登录号 条形码 馆藏地/架位号 状态 备注
1 0034626   001355964   第三借阅区/ [索取号:TN722.7/28] 在馆    
2 0034627   001355928   第二样本阅览室/ [索取号:TN722.7/28] 在馆    
唐山师范学院图书馆 欢迎您!
大连网信软件有限公司© 版权所有